Английский язык (Запись № 11722739)

Подробности
000 -МАРКЕР
контрольное поле 02155nam0a2200433 i 4500
001 - ИДЕНТИФИКАТОР ЗАПИСИ
контрольное поле RU\NLR\BIBL_A\012400526
005 - ИДЕНТИФИКАТОР ВЕРСИИ
контрольное поле 20260406090126.0
010 ## - МЕЖДУНАРОДНЫЙ СТАНДАРТНЫЙ НОМЕР КНИГИ (ISBN)
Номер (ISBN) 9785360119425
Тираж 1000
021 ## - НОМЕР ГОСУДАРСТВЕННОЙ РЕГИСТРАЦИИ
Код страны российская федерация
Номер 2020-43267
Номер Листа государственной регистраци КН-П-3299
035 ## - ДРУГИЕ СИСТЕМНЫЕ НОМЕРА
Идентификатор записи (RuMoRGB)010384364
035 ## - ДРУГИЕ СИСТЕМНЫЕ НОМЕРА
Идентификатор записи (NLR Aleph) 012400526
100 ## - ДАННЫЕ ОБЩЕЙ ОБРАБОТКИ
Данные общей обработки 20201110d2020 km y0rusy50 ca
101 0# - ЯЗЫК РЕСУРСА
Язык текста, звукозаписи и т.д. русский
-- английский
102 ## - СТРАНА ПУБЛИКАЦИИ ИЛИ ПРОИЗВОДСТВА
Страна публикации российская федерация
105 ## - ПОЛЕ КОДИРОВАННЫХ ДАННЫХ: ТЕКСТОВЫЕ МАТЕРИАЛЫ, МОНОГРАФИЧЕСКИЕ
Кодированные данные о монографическом текстовом документе ac||j|||000zy
181 #0 - ПОЛЕ КОДИРОВАННЫХ ДАННЫХ: ВИД СОДЕРЖАНИЯ
Код вида содержания (ISBD) i
Код характеристики содержания (ISBD) axxe
182 #0 - ПОЛЕ КОДИРОВАННЫХ ДАННЫХ: ТИП СРЕДСТВА
Код типа средства (ISBD) n - непосредственное
200 1# - ЗАГЛАВИЕ И СВЕДЕНИЯ ОБ ОТВЕТСТВЕННОСТИ
Основное заглавие Английский язык
Сведения, относящиеся к заглавию 11 класс
-- углублённый уровень
-- учебник для учащихся общеобразовательных организаций
Первые сведения об ответственности [Вербицкая Мария Валерьевна, Каминс Карр Джейн, Парсонс Дженнифер и др.]
Последующие сведения об ответственности под редакцией доктора филологических наук, профессора М. В. Вербицкой
203 ## - ВИД СОДЕРЖАНИЯ И ТИП СРЕДСТВА
Вид содержания Текст
Дополнительные сведения об издании визуальный
Тип средства непосредственный
205 ## - СВЕДЕНИЯ ОБ ИЗДАНИИ
Сведения об издании 2-е изд., стер.
210 ## - ПУБЛИКАЦИЯ, РАСПРОСТРАНЕНИЕ И ДР.
Место издания, распространения и т.д. Москва
Имя издателя, распространителя и т. д. Вентана-Граф
-- Pearson Edition Limited
Дата издания, распространения и т.д. 2020
215 ## - ФИЗИЧЕСКАЯ ХАРАКТЕРИСТИКА
Специфическое обозначение материала и объем 253 с.
Другие сведения о физической характеристике ил.
Размеры 29
225 1# - СЕРИЯ
Основное заглавие серии Российский учебник
Сведения, относящиеся к заглавию РУ
225 1# - СЕРИЯ
Основное заглавие серии Forward+
300 ## - ОБЩИЕ ПРИМЕЧАНИЯ
Текст примечания На обл.: English: student's book: 11 /Maria Verbitskaya Jane Comyns Carr Jeannifer Parsons [et al]
300 ## - ОБЩИЕ ПРИМЕЧАНИЯ
Текст примечания Авт. указаны в вып. дан.
512 1# - ЗАГЛАВИЕ ОБЛОЖКИ
Связь между полями z11790
Заглавие обложки English
Сведения, относящиеся к заглавию student's book
-- 11
606 1# - НАИМЕНОВАНИЕ ТЕМЫ КАК ПРЕДМЕТ
Наименование темы Английский язык
Формальный подзаголовок Учебники для специализированных школ
Системный номер авторитетной/нормативной записи 972309
Идентификатор авторитетной/нормативной записи RU\NLR\AUTH\6646032
686 3# - ИНДЕКСЫ ДРУГИХ КЛАССИФИКАЦИЙ
Индекс Ш143.21-93рус221[11]
701 #1 - ИМЯ ЛИЦА - АЛЬТЕРНАТИВНАЯ ОТВЕТСТВЕННОСТЬ
Материалы, к которым относится поле rus
Графика поля Кириллица
Начальный элемент ввода Вербицкая
Часть имени, кроме начального элемента ввода М. В.
Расширение инициалов личного имени Мария Валерьевна
Идентификатор авторитетной/нормативной записи RU\NLR\AUTH\7757029
Системный номер авторитетной/нормативной записи 39961
701 #1 - ИМЯ ЛИЦА - АЛЬТЕРНАТИВНАЯ ОТВЕТСТВЕННОСТЬ
Начальный элемент ввода Каминс Карр
Часть имени, кроме начального элемента ввода Д.
Расширение инициалов личного имени Джейн
Системный номер авторитетной/нормативной записи 151590
Идентификатор авторитетной/нормативной записи RU\NLR\AUTH\770151628
701 #1 - ИМЯ ЛИЦА - АЛЬТЕРНАТИВНАЯ ОТВЕТСТВЕННОСТЬ
Начальный элемент ввода Парсонс
Часть имени, кроме начального элемента ввода Д.
Расширение инициалов личного имени Дженнифер
790 #1 - ИМЯ ЛИЦА - АЛЬТЕРНАТИВНАЯ ФОРМА
Графика поля Латинская
Материалы, к которым относится поле rus
Начальный элемент ввода Verbickaja
Часть имени, кроме начального элемента ввода M. V.
Расширение инициалов личного имени Marija Valer'evna
Системный номер авторитетной/нормативной записи 223670
Идентификатор авторитетной/нормативной записи RU\NLR\AUTH\770223726
942 ## - ДОПОЛНИТЕЛЬНЫЕ ЭЛЕМЕНТЫ ЗАПИСИ (АБИС)
Тип экземпляра АБИС Книга
980 ## - КОЛЛЕКЦИЯ
Название коллекции НБР

Нет доступных экземпляров.